000 00426nam a2200181Ia 4500
001 22327
005 20260414150824.0
008 260414t2017||||xx |||||||||||||| ||spa||
041 _aESP
082 _a621.317
_bJ76
100 _aJouaneh, Musa
_eAUT
245 0 _aFundamentos de mecatrónica
_b
260 _c2017
300 _axi, 404 páginas :
_c27 cm.
650 _aTCA
654 _aCET
942 _cLIB
_dJUS
_fJUS
_2ddc
_n
999 _c22327
_d22327